Učebnice dějepisu pro nižší třídy středních škol : pro druhou třídu. Díl II, Život lidstva od pravěku do roku 1300 /

Hlavní autor: Sochor, Jaroslav, 1885-1941
Jazyk: Čeština
Vydáno: V Praze : Česká grafická Unie, 1946
Vydání: Dotisk
Fyzický popis: 140 s. : il. ; 8°
Knihy
Uloženo v:
LEADER 00923nam a22002412a 4500
001 001916910
003 CZ BrMZK
005 20241122113851.0
007 ta
008 241122s1946 xr a er|||||||||||cze d
015 |a cnb000501744 
035 |a (OCoLC)85303498 
040 |a ABA001  |b cze  |c ABA001  |d ABA001  |d BOA001 
100 1 |a Sochor, Jaroslav,  |d 1885-1941  |7 jk01120293  |4 aut 
245 1 0 |a Učebnice dějepisu pro nižší třídy středních škol :  |b pro druhou třídu.  |n Díl II,  |p Život lidstva od pravěku do roku 1300 /  |c napsal Jaroslav Sochor ... 
246 3 0 |a Život lidstva od pravěku do roku 1300 
250 |a Dotisk 
260 |a V Praze :  |b Česká grafická Unie,  |c 1946  |e (Česká Lípa :  |f Bergman v nár. spr.) 
300 |a 140 s. :  |b il. ;  |c 8° 
910 |a BOA001  |b 2-0189.554,2 
990 |a BK 
991 |b 202410 
996 6 |b 2618779021  |c 2-0189.554,2  |l MZK  |r Sklad / do 24 hodin  |n 0  |w 001986214  |u 000010  |a 1  |e BOA001  |j MZK50  |s P